000 00444 a2200205 4500
260 _aParis
260 _bMasson
245 _aThérapeutiques médicales non médicamenteuses
100 _aBoissier, C.
700 _aGuilmot, J-L
700 _aQueneau, P.
260 _c1998
300 _a300 p.
035 _a8613
035 _a8614
035 _a8615
999 _c18213
_d18213